| 000 | 01179nam a2200325 i 4500 | ||
|---|---|---|---|
| 001 | 185477 | ||
| 003 | SpMaBN | ||
| 005 | 20250727031115.0 | ||
| 008 | 160609r19871888sp ah |||| | spa d | ||
| 020 | _a84-86556-44-9 | ||
| 080 | _a39 | ||
| 080 | _a930.85 | ||
| 100 | 1 |
_aTylor, Edward B. _9111807 |
|
| 245 | 1 | 0 |
_aAntropología _b: introducción al estudio del hombre y de la civilización / _cE.B. Tylor. |
| 250 | _a1ª ed. | ||
| 260 |
_aBarcelona : _bAlta Fulla, _c1987. |
||
| 300 |
_aXVI, 529 p. : _bil. ; _c20 cm. |
||
| 490 | 1 |
_aBiblioteca. _aAntropología ; _v2 |
|
| 500 | _aÍndices. | ||
| 504 | _aBibliografía: p. [521]-522. | ||
| 534 |
_pReprod. facs. de la ed. de: _cMadrid : Estab. Tip. "El Progreso Editorial", 1888 _nTraducido por Antonio Machado y Álvarez. |
||
| 650 | 7 |
_aAntropología física _2embne _99893 |
|
| 650 | 0 | 7 |
_aCivilización. _911079 |
| 655 | 7 |
_2tgfbne _9226495 _aFacsímiles |
|
| 700 | 1 |
_aMachado y Álvarez, Antonio, _d1848-1892 _975172 |
|
| 830 | 0 | 0 |
_aBiblioteca (Editorial Alta Fulla) _pAntropología _v2 _9225223 |
| 852 |
_aES-MaACL _jL-30365 _z. - Donat. Miguel A. Velasco |
||
| 942 | _2udc | ||
| 999 |
_c185477 _d185477 |
||